Pražské interiéry /

Hlavní autor: Sedláková, Radomíra, 1950-
Další autoři: Husák, Josef
Jazyk: Čeština
Vydáno: Praha : Slovart, c2001
Témata:
Fyzický popis: 95 s. : barev. il. ; 28 cm
Knihy
Uloženo v:
LEADER 01208nam a2200349 a 4500
001 000580204
003 CZ BrMZK
005 20120313123247.0
007 ta
008 011203s2001 xr e cze d
015 |a cnb001032902 
020 |a 80-7209-340-1  |q (váz.) 
035 |a (OCoLC)50342899 
040 |a BOA001  |c ze  |d BOA001 
043 |a e-xr---  |b e-xr-pg  |2 czenas 
072 7 |a 72  |x Architektura  |2 Konspekt  |9 21 
080 |a 72:904  |2 MRF 
080 |a 72.012.8  |2 MRF 
080 |a (437.311)  |2 MRF 
080 |a (084.12)  |2 MRF 
100 1 |a Sedláková, Radomíra,  |d 1950-  |7 jn20000620328  |4 aut 
245 1 0 |a Pražské interiéry /  |c Radomíra Sedláková ; [fotografie Josef Husák ... et al.] 
260 |a Praha :  |b Slovart,  |c c2001 
300 |a 95 s. :  |b barev. il. ;  |c 28 cm 
650 0 7 |a architektonické památky  |7 ph118585  |z Česko  |2 czenas 
650 0 7 |a interiéry  |7 ph121148  |z Česko  |2 czenas 
655 7 |a fotografické publikace  |7 fd132276  |2 czenas 
651 7 |a Praha (Česko)  |7 ge118011  |2 czenas 
700 1 |a Husák, Josef  |7 jx20040902009  |4 pht 
910 |a BOA001  |b 3-1094.697 
990 |a BK 
996 6 |b 2610149659  |c 3-1094.697  |l MZK  |r Sklad / do 1 hodiny  |n 4  |p p.v.  |w 000580204  |u 000010  |a 1  |e BOA001  |j MZK50  |s P